Datum a čas kvízu
37
Celkem bodů
Celkový počet nahraných bodů na tomto kvízu bez doplňovacích otázek.
4.
Pořadí na kvízu
Konečné umístění týmu na tomto kvízu.
Zaznamenané odpovědi
| # | Otázka | Odpověď | Body | Výsledky |
|---|---|---|---|---|
| 1. | V Jiráskově divadle v České Lí... | selata (divočáci) | 1 | |
| 2. | Naštěstí jen nepatrné škody na... | chtěla flirtovat s hasiči / líbí se jí muži v uniformách | 0 | |
| 3. | Která zpěvačka oznámila svým f... | Adele | 1 | |
| 4. | Minulý týden jsme se dozvěděli... | rýže | 1 | |
| 5. | Uveďte jména vítězů mužské a ž... | Jannik Sinner, Aryna Sabalenka | 1 | |
| 6. | Ruské město Nižnij Novgorod ne... | Gorkij | 1 | |
| 7. | Pod kterým, dnes už spíše zast... | Habeš | 1 | |
| 8. | Napište bývalý název Bratislav... | Prešpurk/Prešporok/Prešporek; 1919 (1914–1924) | 1 | |
| 9. | Když Portugalci objevili jistý... | Tchaj-wan | 0 | |
| 10. | Zhruba rok po vyhlazení českýc... | o Panamu | 0 |